Periodismo científico /

El autor plantea la situación, objetivos y problemas de la divulgación de la ciencia a través del periodismo, además de ofrecer una visión general y colectiva de este género periodístico.

-д хадгалсан:
Номзүйн дэлгэрэнгүй
Үндсэн зохиолч: Calvo Hernando, Manuel (autor)
Бусад зохиолчид: Laín Entralgo, Pedro (carta) (carta)
Формат: Ном
Хэл сонгох:испани
Хэвлэсэн: Madrid, España : Paraninfo, 1977, c1977
Нөхцлүүд:
Шошгууд: Шошго нэмэх
Шошго байхгүй, Энэхүү баримтыг шошголох эхний хүн болох!

MARC

LEADER 00000nam^a2200000^a^4500
001 000000461
005 20250521000000.0
009 20260310083028.146
020 |a 84-283-0877-2 
037 |a Acervo ITESO - Biblioteca 
041 |a ESP 
082 |a 302. 231022  |b CAL 
100 |a Calvo Hernando, Manuel  |e (autor) 
245 1 0 |a Periodismo científico /  |c M. Calvo Hernando ; carta de P. Laín Entralgo. 
264 4 |a Madrid, España :  |b Paraninfo,  |c 1977, c1977 
300 |a 330 p. 
336 |a texto  |b txt  |2 rdacontenido 
337 |a sin mediación  |b n  |2 rdamedio 
338 |a volumen  |b nc  |2 rdasoporte 
520 |a El autor plantea la situación, objetivos y problemas de la divulgación de la ciencia a través del periodismo, además de ofrecer una visión general y colectiva de este género periodístico. 
649 |a XX 
650 |a Ciencia -  |x Difusión 
650 |a Periodismo Cultural 
650 |a Ciencia-Ficción 
650 |a Literatura 
650 |a Géneros Periodísticos 
650 |a Prensa 
650 |a Medios Impresos 
650 |a Medios de Comunicación 
650 |a Comunicación Masiva 
700 |a Laín Entralgo, Pedro  |e (carta) 
910 |a Fondo General 
920 |a Impresos - Libros 
930 |a Colección General 
905 |a 101 
901 |a 0004610100  |b IT1  |c ACC  |i 000461  |u 20250521 
902 |a https://opac.biblio.iteso.mx/vufind/Record/000000461